Mobilné dopravné zariadenia na dopravu krmív do žľabu pre DH

Bibliographic Details
Main Authors: Izakovič, Anton, 1931- (Author), Kováč, Štefan, 1944- (Author)
Format: Article
Language:Slovak

MARC

LEADER 00000nab a2200000uu 4500
001 vtls011155483
003 SK-MaSNL
005 20260303215912.0
008 230121|1972 xo |||||||||||||||||slo|
015 |a SNBRB 
035 |a (urnnbn)urn:nbn:sk:snk:ar-a0a92m 
035 |a (uuid)329f3ace-622c-4550-b988-458362f34207 
035 |a urn:nbn:sk:snk-abb3zg 
040 |a SNKBUCL  |b slo  |c SNKBUCL  |e AACR2 
041 0 |a slo 
044 |a xo  |c SK 
100 1 |a Izakovič, Anton,  |d 1931-  |4 aut  |9 39279 
245 1 0 |a Mobilné dopravné zariadenia na dopravu krmív do žľabu pre DH  |c Anton Izakovič, Štefan Kováč 
700 1 |a Kováč, Štefan,  |d 1944-  |4 aut  |9 208451 
773 0 |t Mechanizácia poľnohospodárstva : časopis pre novú techniku v poľnohospodárstve  |g Roč. 11, č. 7 (1972), s. 268-270 
954 |a odborná, vedecká literatúra pôvodná (slovenská)  |2 lita 
958 |a OND 
958 |a EUIPO 
958 |a article14 
999 |c 2223949  |d 2225879